000 00493nam a2200169 i 4500
001 45878
003 ES-MaACL
007 t|
008 030327s1980 xxu ||||1| eng d
020 _a0-471-04339-7
100 1 _aColclaser, Roy A.
_939557
245 1 0 _aMicroelectronics
_b: processing and device desing /
_cRoy A. Colclaser.
260 _aNew York [etc.] :
_bJohn Wiley and Sons,
_c[1980]
300 _aIX, 333 p. ;
_c24 cm.
500 _aIndice.
852 _aES-MaACL
_jL-9397
_bR.111207
999 _c45878
_d45878